00685nam a2200157 a 4500003000200000005001700002008004100019050002700060100002200087245017100109260009000280300004000370504004100410650004700451650002900498020250528112355.0021122s19uu xx 00 eng d aPHS GV 1101b.F66 2002 aFonseca, Bryan E. aA Comparative study on the perceptions among children, teenagers, and adults of Alabang South Village towards the different form of Martial arts /cBryan E. Fonseca. aLas Piñas City, Philippines :bSouthville International School and Colleges,c2002. a43 pages :billustrations ;c28 cm. aIncludes bibliographical references. aMartial artsxSocial aspectszPhilippines. aPerceptionzPhilippines.